01018nam a22002775a 450000500170000000800410001702000180005804000280007608200190010410000260012324500870014925000120023626000580024830000320030650000240033865000340036265000530039665000290044965100100047865300230048870000220051170000190053394200190055299900170057195201520058820201128021507.0150817s2014 ii a fr 001 0 eng d a9788122435900 aEG-ScBUEbengcEG-ScBUE04a658.8bDAS2221 aDas, Biswajit.93835710aTransnational marketing strategy /cBiswajit Das, Ipseeta Satpathy, Sanjay Sharan. a1st ed. aNew Delhi :bNew Age International Publishers,c2014. axx, 270 p :bill. ;c25 cm. aIndex : p. 264-270. 0aMarketingxManagement.2BUEsh 7aInternational business enterprises.2BUEsh91592 0aExport marketing.2BUEsh 2BUEsh bBUSADMcAugust20151 aSatpathy, Ipseeta1 aSharan, Sanjay 2ddck658.8 DAS c20539d20511 00102ddc40708BaccahaMAINbMAINc1STd2015-08-17epurchaseg148.00h21758l2o658.8 DASp000039694r2025-07-15 00:00:00s2015-10-08v185.00yBB